| 000 | 00944cam a2200313 4500 | ||
|---|---|---|---|
| 001 | 4205 | ||
| 003 | FISKH | ||
| 005 | 20240704142907.0 | ||
| 008 | 701208s1970 nyua j 000 1 eng | ||
| 010 | _a 74118704 | ||
| 020 | _a0394904974 | ||
| 020 | _a9780141322650 | ||
| 040 |
_aDLC _beng _cDLC _dDLC |
||
| 050 | 0 | 0 | _aPZ7.D1515 |
| 082 | _a823.914 | ||
| 100 | 1 | _aDahl, Roald. | |
| 245 | 1 | 0 |
_aFantastic Mr. Fox / _cRoald Dahl ; illustrated by Quentin Blake |
| 260 |
_aLondon : _bPuffin Books, _c1970 |
||
| 300 |
_a82 pages ; _billustrations ; _c20 cm |
||
| 505 | _aO | ||
| 520 | _aThree farmers, each one meaner than the other, try all-out warfare to get rid of the fox and his family. | ||
| 521 | 8 |
_a600
_bLexile |
|
| 521 | 8 |
_aO
_bRaz-Plus |
|
| 650 | 1 |
_aFoxes _vFiction. |
|
| 700 |
_aBlake, Quentin _eillustrator |
||
| 906 |
_a7 _bcbc _corignew _d2 _encip _f19 _gy-gencatlg |
||
| 942 |
_2ddc _cBK _n0 |
||
| 999 |
_c4205 _d4205 |
||